Energy security in the era of climate change : (Record no. 15422)
[ view plain ]
| 000 -LEADER | |
|---|---|
| fixed length control field | 01361cam a22003494a 4500 |
| 001 - CONTROL NUMBER | |
| control field | 17108224 |
| 005 - DATE AND TIME OF LATEST TRANSACTION | |
| control field | 20170105102917.0 |
| 008 - FIXED-LENGTH DATA ELEMENTS--GENERAL INFORMATION | |
| fixed length control field | 120106s2012 enka b 000 0 eng |
| 010 ## - LIBRARY OF CONGRESS CONTROL NUMBER | |
| LC control number | 2011052934 |
| 016 7# - NATIONAL BIBLIOGRAPHIC AGENCY CONTROL NUMBER | |
| Record control number | 015859847 |
| Source | Uk |
| 020 ## - INTERNATIONAL STANDARD BOOK NUMBER | |
| International Standard Book Number | 9780230279872 (alk. paper) |
| 035 ## - SYSTEM CONTROL NUMBER | |
| System control number | (OCoLC)ocn729342630 |
| 040 ## - CATALOGING SOURCE | |
| Original cataloging agency | DLC |
| Transcribing agency | DLC |
| Modifying agency | YDX |
| -- | BTCTA |
| -- | UKMGB |
| -- | YDXCP |
| -- | DLC |
| 042 ## - AUTHENTICATION CODE | |
| Authentication code | pcc |
| 043 ## - GEOGRAPHIC AREA CODE | |
| Geographic area code | p------ |
| 050 00 - LIBRARY OF CONGRESS CALL NUMBER | |
| Classification number | HD9502.P16 |
| Item number | E55 2012 |
| 082 00 - DEWEY DECIMAL CLASSIFICATION NUMBER | |
| Classification number | 333.79095 |
| Edition number | 23 |
| 245 00 - TITLE STATEMENT | |
| Title | Energy security in the era of climate change : |
| Remainder of title | the Asia-Pacific experience / |
| Statement of responsibility, etc. | edited by Luca Anceschi, Jonathan Symons. |
| 260 ## - PUBLICATION, DISTRIBUTION, ETC. | |
| Place of publication, distribution, etc. | Houndmills, Basingstoke, Hampshire ; |
| -- | New York : |
| Name of publisher, distributor, etc. | Palgrave Macmillan, |
| Date of publication, distribution, etc. | 2012. |
| 300 ## - PHYSICAL DESCRIPTION | |
| Extent | xvii, 299 p. : |
| Other physical details | ill. ; |
| Dimensions | 23 cm. |
| 490 1# - SERIES STATEMENT | |
| Series statement | Energy, climate and the environment series |
| 504 ## - BIBLIOGRAPHY, ETC. NOTE | |
| Bibliography, etc. note | Includes bibliographical references and index. |
| 650 #0 - SUBJECT ADDED ENTRY--TOPICAL TERM | |
| Topical term or geographic name entry element | Energy security |
| Geographic subdivision | Pacific Area. |
| 650 #0 - SUBJECT ADDED ENTRY--TOPICAL TERM | |
| Topical term or geographic name entry element | Energy policy |
| General subdivision | Environmental aspects |
| Geographic subdivision | Pacific Area. |
| 650 #0 - SUBJECT ADDED ENTRY--TOPICAL TERM | |
| Topical term or geographic name entry element | Climatic changes. |
| 700 1# - ADDED ENTRY--PERSONAL NAME | |
| Personal name | Anceschi, Luca, |
| Dates associated with a name | 1976- |
| 700 1# - ADDED ENTRY--PERSONAL NAME | |
| Personal name | Symons, Jonathan, |
| Dates associated with a name | 1976- |
| 830 #0 - SERIES ADDED ENTRY--UNIFORM TITLE | |
| Uniform title | Energy, climate, and the environment series. |
| 906 ## - LOCAL DATA ELEMENT F, LDF (RLIN) | |
| a | 7 |
| b | cbc |
| c | orignew |
| d | 1 |
| e | ecip |
| f | 20 |
| g | y-gencatlg |
| 942 ## - ADDED ENTRY ELEMENTS (KOHA) | |
| Source of classification or shelving scheme | |
| Koha item type | Book |
| Withdrawn status | Lost status | Damaged status | Not for loan | Collection code | Permanent Location | Current Location | Shelving location | Date acquired | Total Checkouts | Full call number | Barcode | Date last seen | Price effective from | Koha item type |
|---|---|---|---|---|---|---|---|---|---|---|---|---|---|---|
| Centre for International Peace & Stability (CIPS) | Centre for International Peace & Stability (CIPS) | General Stacks | 10/02/2013 | 333.79095 ENE 2012 | CIPS0001996 | 12/02/2013 | 12/02/2013 | Book |
